000 00952nas a2200325 4500
001 BR2016001838
003 BR-BrBNA
005 20231205130312.0
007 ta
008 230509b bl.|||p| |||| 00| 00por d
040 _aBR-BrBNA
_bpor
_cBiblioteca Nacional de Agricultura
041 _a(Pt)
072 _aQ53
100 1 _aMotta, T.P.
100 1 _aFrizzarin, A.
100 1 _aMartins, T.
100 1 _aMiranda, M.S.
100 1 _aArcaro, J.R.P.
100 1 _aAmbrósio, L.A.
100 1 _aPozzi, C.R.
245 1 _aEstudo sobre a ocorrência de fungos e aflatoxina B na dieta de bovinos leiteiros em São Paulo
650 _aVACA LEITEIRA
650 _aLACTAÇÃO
650 _aDIETA
650 _aMICOTOXINA
650 _aSÃO PAULO
773 0 _tPesquisa Veterinária Brasileira (Brazil)
_xISSN 0100-736X
_g(Jan 2015), v. 35(1) p. 23-28
_wBR2016001838
909 _a202311
_bLúcia
_c55
_dLúcia Elande
942 _2AGRIS
_n0
_cANA
999 _c248744
_d248744